书目信息 |
| 题名: |
现代包装材料加工与应用研究
|
|
| 作者: | 郭丽 著 | |
| 分册: | ||
| 出版信息: | 北京 中国商业出版社 2017.07 |
|
| 页数: | 266页 | |
| 开本: | 24cm | |
| 丛书名: | ||
| 单 册: | ||
| 中图分类: | TB484 | |
| 科图分类: | ||
| 主题词: | 包装材料--研究 | |
| 电子资源: | ||
| ISBN: | 978-7-5044-9990-5 | |
| 000 | 00783nam0 2200217 450 | |
| 001 | 5520 | |
| 005 | 20181016102955.00 | |
| 010 | @a978-7-5044-9990-5@dCNY60.00 | |
| 100 | @a20180513d2017 em y0chiy50 ea | |
| 101 | 0 | @achi |
| 102 | @aCN@b110000 | |
| 105 | @aa z 000yy | |
| 200 | 1 | @a现代包装材料加工与应用研究@9xian dai bao zhuang cai liao jia gong yu ying yong yan jiu@f郭丽著 |
| 210 | @a北京@c中国商业出版社@d2017.07 | |
| 215 | @a266页@c图@d24cm | |
| 330 | @a本书首先讲述了包装材料的基础知识,然后重点论述了纸张、塑料、金属、玻璃、复合包装材料的加工与运用,同时对于包装辅助材料,例如胶粘剂与涂料等进行分析,并探讨了其加工技术。 | |
| 606 | 0 | @a包装材料@x研究 |
| 690 | @aTB484@v5 | |
| 701 | 0 | @a郭丽@9guo li@4著 |
| 801 | 0 | @aCN@b91MARC@c20180513 |
| 905 | @aMuseLib@dTB484@e455 | |
| 现代包装材料加工与应用研究/郭丽著.-北京:中国商业出版社,2017.07 |
| 266页:图;24cm |
| ISBN 978-7-5044-9990-5:CNY60.00 |
| 本书首先讲述了包装材料的基础知识,然后重点论述了纸张、塑料、金属、玻璃、复合包装材料的加工与运用,同时对于包装辅助材料,例如胶粘剂与涂料等进行分析,并探讨了其加工技术。 |
| ● |
| 相关链接 |
|
|
|
|
正题名:现代包装材料加工与应用研究
索取号:TB484/455
 
预约/预借
| 序号 | 登录号 | 条形码 | 馆藏地/架位号 | 状态 | 备注 |
| 1 | 1130115 | 211301152 | 第二样本阅览室/ [索取号:TB484/455] | 在馆 | |
| 2 | 1130116 | 211301161 | 第三借阅区/ [索取号:TB484/455] | 在馆 | |
| 3 | 1130117 | 211301170 | 第三借阅区/ [索取号:TB484/455] | 在馆 | |
| 4 | 1130118 | 211301189 | 第三借阅区/ [索取号:TB484/455] | 在馆 | |
| 5 | 1130119 | 211301198 | 密集书库-生命科学系/ [索取号:TB484/455] | 在馆 |